[Event "Toronto NAYCC U12"]
[Site "Toronto"]
[Date "2013.08.15"]
[Round "3"]
[White "Chertkow, Matthew"]
[Black "D'Alonzo, Jonathan"]
[Result "0-1"]
[WhiteElo "1046"]
[BlackElo "1431"]
[PlyCount "84"]
[EventDate "2013.08.14"]
[EventType "swiss"]
[EventRounds "9"]
[EventCountry "CAN"]
[SourceTitle "EXT 2022"]
[Source "ChessBase"]
[SourceDate "2021.10.06"]
[SourceVersion "1"]
[SourceVersionDate "2021.10.06"]
[SourceQuality "1"]

1. e4 c5 2. Nf3 Nc6 3. d4 cxd4 4. Nxd4 g6 5. Nc3 Bg7 6. Be3 Nf6 7. Bc4 0-0 8. 0-0 a6 9. f4 Qb6 10. Rb1 Nxe4 11. Nxe4 Bxd4 12. Bxd4 Nxd4 13. Kh1 Nf5 14. Rf3 Ne3 15. Qd3 Nxc4 16. Qxc4 d6 17. h3 Be6 18. Qa4 Bd5 19. b3 Rac8 20. Rc3 Bxe4 21. Rxc8 Bxg2+ 22. Kxg2 Rxc8 23. Qe4 e6 24. c4 Qb4 25. Qd4 d5 26. Rc1 b5 27. Kf3 Qa3 28. Rc2 Rxc4 29. Rxc4 bxc4 30. Qa7 Qd6 31. Qd4 cxb3 32. axb3 Qb8 33. b4 Qb5 34. Qc3 Qf1+ 35. Kg3 Qg1+ 36. Kf3 Qb6 37. Qc8+ Kg7 38. Qc3+ d4 39. Qd2 Qc6+ 40. Kg3 Qc3+ 41. Qxc3 dxc3 42. Kf2 c2 0-1